000 00306nam a22001337a 4500
008 170623b xxu||||| |||| 00| 0 eng d
020 _a0155296442
041 _aeng
080 _23RD
_a328
100 _a21
101 _aSHP
245 _aTHE GOVERNMENT OF THE SOVIET UNION
_cCARTER,G.M
942 _2udc
_cBK
999 _c18873
_d18873